Pop Singer by the Picture - Statistics

General Stats
  • This quiz has been taken 52 times
  • The average score is 14 of 16
Answer Stats
Picture Answer % Correct
taylor swift
100%
michael jackson
98%
ariana grande
96%
beyonce
96%
katy perry
94%
billie eilish
92%
bruno mars
92%
drake
90%
lady gaga
90%
the weeknd
84%
jennifer lopez
82%
britney spears
80%
olivia rodrigo
80%
kendrick lamar
76%
bad bunny
67%
madonna
63%
No matching quizzes found
Score Distribution
Percent of People with Each Score
Percentile by Number Answered
Your Score History
You have not taken this quiz